00000000cam 2200000zi 4500
0019.951606
003CaOODSP
00520260528084132
006m     o  d f      
007cr mn|||||||||
008250530e20250714onc     ob   f000 0 fre d
020 |a9780660775234
040 |aCaOODSP|bfre|erda|cCaOODSP
043 |an-cn---
0861 |aP114-33/2025F-PDF
24500|aAdministration des contrats de construction / |cBureau de l'ombud de l'approvisionnement.
264 1|aOttawa (Ontario) : |bBureau de l'ombud de l'approvisionnement = Office of the Procurement Ombud, |c14 juillet 2025.
300 |a1 ressource en ligne (22 pages)
336 |atexte|btxt|2rdacontent/fre
337 |ainformatique|bc|2rdamedia/fre
338 |aressource en ligne|bcr|2rdacarrier/fre
500 |aTitre de la couverture.
500 |a« Promouvoir l'équité, l'ouverture et la transparence du processus d'approvisionnement fédéral. »
500 |aPublié aussi en anglais sous le titre : Contract administration in construction contracts.
504 |aComprend des références bibliographiques (pages 19-22).
520 |a« La présente étude examine certains des enjeux communs qui ont une incidence sur l'administration des contrats de construction. Les recherches effectuées dans le cadre de cette étude ont consisté en une analyse exploratoire de la documentation, des études, des rapports, des articles, des politiques et des orientations accessibles au public, ainsi qu'en une consultation du secteur de la construction et des parties prenantes du gouvernement fédéral » -- Objectif de l'étude, page 3.
650 6|aConstruction|xContrats|zCanada.
650 6|aConstruction|xIndustrie|zCanada|xGestion.
7101 |aCanada. |bBureau de l'ombud de l'approvisionnement, |eorganisme de publication.
77508|tContract administration in construction contracts / |w(CaOODSP)9.951605
85640|qPDF|s526 Ko|uhttps://publications.gc.ca/collections/collection_2026/spac-pspc/P114-33-2025-fra.pdf
8564 |qHTML|sS.O.|uhttps://opo-boa.gc.ca/contract-administration-fra.html